000 00669nam1a22002291i 4500
001 rc\920862
005 20240723223607.0
035 _a(NLR Aleph) 006242667
090 _a6680401
_c6680401
100 _a20041129g19829999u |0rusy50 ca
101 0 _arus
102 _aRU
105 _ay |||||||||
200 1 _aНекоторые вопросы системной динамики
_eПрепринт
210 _aМ.
_cВНИИСИ
_d1982-
215 _d21
300 _aВ надзаг.: ВНИИ систем. исслед.
700 1 _aДостойнова
_bТ.Е.
801 0 _aRU
_bNLR
_gpsbo
801 1 _aRU
_bELAR
_2rusmarc
852 _aNLR
_j83-6/1039
942 _cBOOK